Countries With the Longest National Anthems - Statistics

General Stats
  • This quiz has been taken 22 times
  • The average score is 5 of 11
Answer Stats
Duration Country Name % Correct
3m 21s Brazil "Hino Nacional Brasileiro"
84%
3m 33s Argentina "Himno Nacional Argentino"
79%
3m 09s Peru "Himno Nacional del Perú"
79%
3m 19s Ecuador "Salve, Oh Patria"("We Salute You, Our Homeland")
68%
3m 11s Paraguay "Himno Nacional Paraguayo"
63%
4m 30s Uruguay "Himno Nacional"
63%
4m 14s El Salvador "Himno Nacional de El Salvador"
26%
4m 26s Afghanistan "دا د باتورانو کور"("This is the Home of the Brave")
21%
3m 32s Belarus "My Belarusy"("We, the Belarusians")
16%
3m 36s Palestine "Fida'i"("Fedayeen Warrior")
16%
3m 13s Vatican City "Marche Pontificale"("Pontifical Anthem and March")
11%
No matching quizzes found
Score Distribution
Percent of People with Each Score
Percentile by Number Answered
Your Score History
You have not taken this quiz